Allgemeinwissen - Quiz #2 - Statistiken

Allgemein
  • Dieses Quiz wurde 184 mal gespielt
  • Das Durchschnittsergebnis liegt bei 6 aus 12
Antwortstatistiken
Antwort % Korrekt
Wie alt muss man mind. sein, um ein Profi-Fußballer zu werden? 16 Jahre
100%
Wie viele Leben rettet ungefähr ein Organspender? 3 Leben
100%
Wie viele Silben hat das Wort: "Klassenzimmer" ? 4
100%
Wie viele Kammern hat das menschl. Herz? 4
100%
Wieviel Beine haben 10 Elefanten zusammen? 40
100%
Wieviele Oscars erhielt der Film "Braveheart"? 5
100%
Wie viele Ringe sind auf der olymp. Flagge? 5
100%
Wie viel wiegt ein übliches Hühnerei? 50 g - 60 g
100%
Welches Insekt kann das 50-fache seines Körpergewichts tragen? Ameise
100%
Welche Frucht schoss Wilhelm Tell vom Kopf seines Sohnes? Apfel
100%
Welches Obst wird in 🇩🇪 am meisten geerntet? Äpfel
100%
Auf welchem Kontinent liegt 🇺🇿 Usbekistan? Asien
100%
Wie lautet die Abkürzung vom "Bürgerlichen Gesetzbuch"? BGB
100%
Welche Hauptfarbe haben die Schlümpfe? blau
100%
Welches ist der größte Tier auf der Erde? Blauwal
100%
Welches chem. Element hat die Abkürzung "Pb" ? Blei
100%
Wie nennt man eine elektr. Entladung am Himmel? Blitz
100%
Was kann man beim Floristen kaufen? Blumen
100%
Von welchem Bundesland ist Berlin umschlossen? Brandenburg
100%
Woher stammt der Tanz "Samba"? Brasilien
100%
Welchen Nährstoff benötigen Knochen, Zähne & Muskeln? Calcium
100%
Welcher See wird auch als "Bayrisches Meer" bezeichnet? Chiemsee
100%
Was ist eine elektron. Rechenanlage? Computer
100%
Welcher portug. Fußballer ist der einzige, der in 4 Ländern Torschützenkönig wurde? Cristiano Ronaldo
100%
Woher stammt der Satz: "Einer für alle, alle für einen"? Die 3 Musketiere
100%
Wie wird jemand genannt, der Dinge stiehlt ? Dieb
100%
Wie heißt der hintere Teil des Fußes? Ferse
100%
Was ist eine "Sardellen" ? Fisch
100%
Aus welchem Land stammen "Crêpes"? Frankreich
100%
Welcher Fußballspieler & Trainer erhielt den Spitznamen "Der Kaiser"? Franz Beckenbauer
100%
Welche Farben hat die Landesflagge von Baden-Württemberg ? gelb | schwarz
100%
Wer wurde nach Helmut Kohl Bundeskanzler? Gerhard Schröder
100%
Wer sagt in den "Herr Der Ringe" - Filmen öfters "Mein Schatz"? Gollum
100%
Welches Unternehmen entwickelte den Webbrowser "Chrome"? Google
100%
Welcher ist die größte Menschenaffenart der Welt? Gorilla
100%
Welche Vereinsfarben hat der SV Werder Bremen? grün | weiß
100%
Welche Süßigkeit bzw. Firma hat Hans Riegel aus Bonn erfunden? Haribo
100%
Zu welchen Filmen gehört die Figur "Severus Snape"? Harry Potter
100%
Welche dt. Sängerin gab 2022 nur 1 einziges Konzert? Helene Fischer
100%
Welches chem. Element hat die Abkürzung "He"? Helium
100%
Wie wird der Fuß von Pferden genannt? Huf
100%
Wenn Geld sehr schnell an Wert verliert, heißt dies ...? Inflation
100%
Können männl. Affen Glatzen bekommen? ja
100%
Können Fische Herpes bekommen? ja
100%
Können Delfine sich im Spiegel erkennen? ja
100%
Ist das Herz ein Muskel? ja
100%
Gibt es "Hirschhornsalz"? ja
100%
Ist die Dohle ein Singvogel? ja
100%
Fließt die Saale durch Brandenburg? ja
100%
Ist Heuschnupfen eine Allergie? ja
100%
Ist die Sonne ein Stern? ja
100%
Kann ein Komodowaran Gift speien? ja
100%
Welcher ist ein 🇨🇭 Schweizer Kanton - Jura, Trias oder Kreide? Jura
100%
Welche ist die größte Pinguinart? Kaiserpinguin
100%
Welches Tier nennt man auch "Wüstenschiff"? Kamel
100%
Wie nennt man eine kleine Kirche ? Kapelle
100%
Was ist ein Erdapfel? Kartoffel
100%
Welche Eiskunstläuferin gewann 1988 das 2. olymp. Gold? Katharina Witt
100%
Welche Pflanze gilt als Glückssymbol? Klee
100%
Welches Beuteltier aus Australien frisst Eukalyptusblätter? Koala
100%
Wie wird "Natriumchlorid" noch genannt? Kochsalz
100%
Was ist die wichtigste Figur beim Schach? König
100%
Was ist ein "Bienenstich" ? Kuchen
100%
In welchem Raum werden wissenschaftl. Untersuchungen & Versuche durchgeführt? Labor
100%
Mit welchem Organ atmen Menschen? Lunge
100%
Durch wen wurde die Reformation ausgelöst? Martin Luther
100%
Wie heißt ein Computerzubehör zum Klicken auf dem Bildschirm? Maus
100%
Nenne 1 in Europa gebräuchl. Essbesteck. Messer | Gabel | Löffel
100%
Wie heißt ein Metallring zur Befestigung einer Schraube? Mutter
100%
Nenne 1 Sinnesorgan. Nase | Auge | Mund | Ohr | Haut
100%
Können Schweine schwitzen? nein
100%
Ist der Strauß ein Singvogel? nein
100%
Haben Nelken Dornen? nein
100%
Fließt der Main durch Niedersachsen? nein
100%
Welcher Monat wird auch als "Nebelmonat" bezeichnet? November
100%
Wo befindet sich der kleinste menschl. Knochen? Ohr
100%
In welcher Stadt befindet sich der Louvre? Paris
100%
Wer ist für öffentl. Sicherheit & Ordnung zuständig? Polizei
100%
Welches Unternehmen aus Stuttgart stellt Luxus-Sportwagen her? Porsche
100%
Wie heißt der Ursprung eines Flusses? Quelle
100%
Was ist ein Kettenfahrzeug & zugleich ein Insekt? Raupe
100%
Was war von 1924 - 1948 das gesetzliche Zahlungsmittel im Deutschen Reich? Reichsmark
100%
Welches Bundesland grenzt im Norden & Osten ans Saarland? Rheinland-Pfalz
100%
Welche Farbe hat ein Rubin? rot
100%
Welche Farbe hat Blut? rot
100%
Welche Vereinsfarben hat Eintracht Frankfurt? rot | schwarz | weiß
100%
Welche Vereinsfarben hat der 1.FC Köln? rot | weiß
100%
Wie nennt man eine Gruppe von Wölfen? Rudel
100%
Mit welchem Lied gewann "Lena" 2010 den ESC? Satellite
100%
Wie heißt das Teil, auf dem man heim Fahrradfahren sitzt? Sattel
100%
Welche Farbe hat die Kugel Nr. 8 im Pool-Billard? schwarz
100%
Wie heißt ein digitales Selbstporträt? Selfie
100%
Auf welcher ital. Insel wohnen die meisten Menschen? Sizilien
100%
Welches Essbesteck nimmt man für asiatische Speisen? Stäbchen
100%
In welcher Grafschaft befindet sich das Haus der Familie Dursley aus "Harry Potter"? Surrey
100%
Mit welchem Gerät kann man Sterne & Planeten beobachten? Teleskop
100%
Was wird in ° C gemessen? Temperatur
100%
Was ist ein "Proband" ? Testperson
100%
Wo arbeitet eine "Souffleuse" ? Theater
100%
Welche Disziplin gehört nicht zum Leichtathletik - Marathon, Hochsprung oder Triathlon? Triathlon
100%
Welche ist die größte Eule? Uhu
100%
Welche Hose kann nicht getragen werden? Windhose
100%
Welcher griech. Gott ist Herrscher über Himmel, Blitz & Donner? Zeus
100%
Wie viele Herzen haben Kraken? 3
86%
Welches chem. Element hat die Abkürzung "Fe" ? Eisen
86%
Wie heißt das Haus der Inuit? Iglu
86%
Überwintern Molche im Wasser? ja
86%
Welches ist ein butterähnliches, aus pflanzl. Fetten hergestelltes, Nahrungsmittel? Margarine
86%
Welcher Vogel symbolisiert den Frieden? Taube
86%
Welchen Wappenvogel hat die USA? Weißkopfseeadler
86%
Wie viele Monde hat die Sonne? 0 / keinen
83%
Wie viel % Gefangene in 🇩🇪 sind Frauen? 5 %
83%
Welcher Fußballer trägt den Spitznamen: "Bomber der Nation"? Gerd Müller
83%
Wie heißt die Verbindung von Kopf & Rumpf? Hals
83%
Wo wohnt der Weihnachtsmann? Nordpol
83%
Welche Vereinsfarben hat der SC Freiburg? rot | weiß
83%
In welcher Jahreszeit wurde jemand, mit dem Sternzeichen "Löwe", geboren? Sommer
83%
Wann wird Truthahn traditionell gegessen? Thanksgiving / Erntedankfest
83%
Wie lautet die Abkürzung von: "Universal Serial Bus"? USB
83%
Nenne 1 Gegenstand, mit dem die Königin versuchte, Schneewittchen zu töten. vergifteter Apfel | Gürtel (Schnürriemen) | Kamm
83%
Welches chem. Element ist "Al"? Aluminium
80%
Welcher Buchstabe erscheint 12 x in der obersten Reihe einer Computertastatur? F
80%
Welches Reptil kann kopfüber an Decken laufen? Gecko
80%
Wie heißt derjenige, der von 1 Schuldner Geld fordern kann? Gläubiger
80%
Wie wird ein Fußballfan genannt, der Gewalt gegen andere Fans anwendet? Hooligan
80%
Wie heißt die Schutzkappe eines beschädigten Zahns? Krone
80%
Wer spielte den schott. Freiheitskämpfer William Wallace in einem Film? Mel Gibson
80%
Welches Gemälde schuf Leonardo da Vinci im frühen 16. Jhd. ? Mona Lisa
80%
Wie nennt man ein weibl. Elternteil ? Mutter
80%
In welche Richtung zeigt die Nadel vom Kompass? Norden
80%
Zu welchem Land gehört die Insel "Öland" ? Schweden
80%
Welche Organisation war für die Überwachung in der DDR verantwortlich? Stasi
80%
Was ist kein Kernobst - Walnuss, Apfel oder Quitte? Walnuss
80%
Welche Vereinsfarben hat der VfB Stuttgart? weiß | rot
80%
Wieviel Hürden gibt es beim 110-Meter-Hürdenlauf? 10
75%
In welchem Jahr wurde Hartz IV eingeführt? 2003
75%
Wie viele Tropfen Blut fielen Schneewittchens Mutter in den Schnee? 3
75%
Wieviel Tage dauert es, bis die Erde 1x um die Sonne kreist? 365 Tage
75%
Wie heißt der Südkontinent der Erde? Antarktika
75%
Wie nennt man einen Knick in Buchseiten? Eselsohr
75%
Welche ist eine sehr enge & kurz geschnittene Hose? Hotpants
75%
Wie nennt man einen plötzlich auftretenden Gedanken? Idee
75%
Ist ein stark schwankender Luftdruck ein Anzeichen für Gewitter? ja
75%
Wer erfand die Figur "Old Shatterhand"? Karl May
75%
Welche ist die ehem. Hauptstadt von Baden? Karlsruhe
75%
Wie nennt man die Kopfbedeckung von Monarchen? Krone
75%
Welche ist die 2.-größte Stadt in Baden-Württemberg? Mannheim
75%
Können Eisbär & Pinguin in freier Wildbahn aufeinander treffen? nein
75%
Enthält eine Hühnerbrust Kohlenhydrate? nein
75%
In welchem Bundesland liegt der "Rabenauer Grund" ? Sachsen
75%
Wie nennt man eine mech. Vorrichtung zum An- & Ausschalten? Schalter
75%
Mit was ist die Haut von Reptilien bedeckt? Schuppen
75%
Wie nennt man den nordasiat. Teil von 🇷🇺 #Russland? Sibirien
75%
Aus welchem Material fertigten wurden die 1. Werkzeuge hergestellt? Stein
75%
Welcher ist der heißeste Planet unseres Sonnensystems? Venus
75%
Was ist ein Abhörmikrofon & zeitgleich ein Insekt? Wanze
75%
In welcher Branche war Johannes Brahms tätig? Musik
73%
Welches Säugetier kann nicht springen? Elefant
71%
Bei welcher Gangart von Tieren sind kurz alle Beine in der Luft? Galopp
71%
Wie nennt man die gezielte Ballabgabe an einen Mitspieler beim Fußball? Pass
71%
Wieviel Tage dürfen Eier ungekühlt gelagert werden? 18 Tage
67%
Wie schwer ist ungefähr ein menschl. Herz? (g) 300 g
67%
Welche ist die längste Schlange der Welt? Anakonda
67%
In welchem Land lebt die weltweit giftigste Schlange? Australien
67%
Was ist ein "Entrée" ? Eingang
67%
Von welchem Land ist der "gallische Hahn" ein Nationalsymbol? Frankreich
67%
In welchem Landkreis liegt "Quedlinburg"? Harz
67%
Was ist ein "Protagonist" ? Hauptfigur
67%
Wie heißt die Amtssprache in 🇮🇳 Indien? Hindi
67%
Welcher Bär ist am größten - Kodiak, Panda oder Grizzly? Kodiakbär
67%
Wie wird die Schlafstätte auf Schiffen genannt? Koje
67%
Welcher ist der einzige natürl. Satellit der Erde? Mond
67%
Welches Tier hält bis zu 7 Monate lang Winterschlaf? Murmeltier
67%
Was ist ein grafisches Zeichen für einen Ton? Note
67%
Was ist "Keratin" ? Protein
67%
Wie nennt sich ein Mischgetränk aus Bier & süßer Limonade? Radler
67%
Aus welchen 2 Stoffen besteht Knallgas? Sauerstoff | Wasserstoff
67%
Wie heißt der hintere Körperfortsatz bei Tieren? Schwanz
67%
Wie wird eine Wasserpfeife aus Arabien genannt? Shisha
67%
Wie heißt ein Gericht aus Maisfladen, gefüllt mit Fleisch, Gemüse & Salsa? Taco
67%
Welcher Fußballer hat die meisten dt. Meistertitel errungen? Thomas Müller
67%
Von wem stammt das Lied "Cello" (1973) ? Udo Lindenberg
67%
Welches Vitamin ist nicht in Eiern vorhanden? Vitamin C
67%
Aus welchem Stoff besteht zu 92% die Sonne? Wasserstoff
67%
Bei welchem Fest gibt es eine Bescherung? Weihnachten
67%
Welches Insekt kommuniziert durch Tanz? Biene
64%
Welche europ. Hauptstadt ist für ihre Tulpen bekannt? Amsterdam
63%
Was ist ein "Brennglas"? Lupe
63%
Welche ist die 2.-größte Stadt in den 🇳🇱 Niederlanden? Rotterdam
63%
Wieviel Meistertitel im Fußball hat Thomas Müller bisher errungen? 12
60%
Welchen Fluss gibt es in 🇩🇪 - Frosch, Biber oder Hirsch? Biber
60%
Welches Reptil hat eine Zunge, die länger ist als sein Körper? Chamäleon
60%
Wie nennen Mediziner die "Blutwäsche"? Dialyse
60%
Schneewittchens Haare sollen so schwarz wie...... sein. Ebenholz
60%
Welches Organ wiegt bei Erwachsenen ca. 1300 g? Gehirn
60%
Wer ist der 2.-kleinste Staat Südamerikas? Uruguay
60%
Was sind "Leukozyten"? weiße Blutkörperchen
60%
Wie heißt das Pferd von Pippi Langstrumpf? Kleiner Onkel
57%
In welcher Stadt starb Prinzessin Diana? Paris
57%
Wie heißt eine große Wohnanlage, meist von Adligen bewohnt? Schloss
57%
Wie hießen "Cousins" früher? Vetter
57%
Welches Land nutzte als 1. Papiergeld? China
56%
Welche Oper von Mozart wird am häufigsten inszeniert? Die Zauberflöte
56%
Wieviel cm Flügelspannweite hat der "Atlasspinner"? 30 cm
50%
Wie lang kann ein Komodowaran werden? 3 m
50%
Wie heißt die Hauptschlagader des Körpers? Aorta
50%
In welchem Ort leben Frodo & Bilbo Beutlin? Auenland
50%
Wer spielte bei der Fußball - WM 2014 trotz Platzwunde im Gesicht weiter? Bastian Schweinsteiger
50%
Wie lautet der dt. Name der tschech. Stadt "Brno"? Brünn
50%
Wer träumt von einem Mantel aus Dalmatinerfell? Cruella de Vil
50%
Was erfand der dt. Friseur Karl Ludwig Nessler? Dauerwelle
50%
Welche Band landete mit "Moskau" (1979) einen Hit? Dschinghis Khan
50%
Wie werden Kälteperioden in der Steinzeit genannt? Eiszeit
50%
Was ist ein "Veloziped"? Fahrrad
50%
Wer gilt als Erfinder des 1. lenkbaren Luftschiffes? Ferdinand Graf von Zeppelin
50%
Was ist eine "Pulle" ? Flasche
50%
Wo kann man in 🇩🇪 steuerfrei einkaufen? Helgoland
50%
Welches Insekt heißt auf Latein: "Bombus"? Hummel
50%
Welcher Komponist wurde 1685 in Eisenach geboren? Johann Sebastian Bach
50%
An welches russ. Oblast grenzt 🇵🇱 Polen? Kaliningrad
50%
Wie nennt man ugs. einen "Schöpflöffel" ? Kelle
50%
Was erhöht die Reibung zwischen Queue & Kugel? Kreide
50%
Welche Computertastatur - Taste kommt ohne ein Zeichen aus? Leertaste
50%
Wer ist der erfolgr. Torschütze der dt. Nationalmannschaft (71 Treffer)? Miroslav Klose
50%
Wie heißen Motorradrennen im Gelände? Motocross
50%
Bei welcher Sportart werden Stöcke zum Laufen benutzt? Nordic Walking
50%
In welchem Bundesland liegt Gütersloh? Nordrhein-Westfalen
50%
Auf welcher Landesflagge ist ein Paradiesvogel abgebildet? Papua-Neuguinea
50%
Was ist ein selbstklebender Wundverband? Pflaster
50%
Wer sang: "Fiesta Mexicana" ? Rex Gildo
50%
Wer war der 40. Präsident der 🇺🇸 USA? Ronald Reagan
50%
Welche Drogeriemarkt-Kette meldete 2012 Insolvenz an? Schlecker
50%
Wie heißt der bekannte Detektiv von Arthur Conan Doyle? Sherlock Holmes
50%
Welchen Namen hat der Tiger aus "Das Dschungelbuch"? Shir Khan
50%
Wer ist der größte Vogel der Welt? Strauß
50%
Was ist eine Störung des Blutflusses, bei der sich ein Blutgerinnsel bildet? Thrombose
50%
Durch wen erhält "Arielle" Beine? Ursula
50%
Sprichwort: "Kindermund tut......... kund." Wahrheit
50%
Als was ist "Saccharose" auch bekannt? Zucker
50%
Welcher Superschurke verlässt sich auf die Hilfe der Minions? Felonius Gru
45%
Für was steht das Wort "Kabale" ? Intrige
44%
Bei welchen Filmen kommen "Klingonen" vor? Star Trek
44%
Aus welchem Land stammt der Schriftsteller Alexandre Dumas? Frankreich
43%
Wie nennt man eine Ticketverkaufsstelle noch? Schalter
43%
Welche Tiere gehören in 🇬🇧 Großbritannien seit 1482 dem Königshaus? Schwäne
43%
Wie hieß der Charakter von Will Smith in "Der Prinz von Bel-Air"? Will
43%
Was misst ein "Chronometer" ? Zeit
43%
Welche Wissenschaft befasst sich mit tierischem Leben? Zoologie
43%
Was bedeutet "Advent" ursprüngl. übersetzt? Ankunft
40%
In welchem Bundesland liegt das "Obermainisches Hügelland" ? Bayern
40%
Wer erfand den Blitzableiter? Benjamin Franklin
40%
Wie nennt man eine Lederkonstruktion zum Einspannen von Zugtieren? Geschirr
40%
Was ist ein "Meridian" ? Längengrad
40%
Wer entführt "Rapunzel" als Baby? Mutter Gothel
40%
Was ist ein "Fuchsschwanz" ? Säge
40%
Wer erhielt als 1. & einziger Torhüter den "Goldenen Ball" für den besten Spieler der WM ? Oliver Kahn
38%
Welches chem. Element hat die Abkürzung "Cr" ? Chrom
33%
Welcher Stuhl bewegt sich den ganzen Tag auf & ab? Fahrstuhl
33%
Welchen Namen hat der Glücksdrache in "Die unendliche Geschichte"? Fuchur
33%
Welcher Bösewicht macht Aladdin das Leben schwer? Jafar
33%
Durch was lässt sich das Alter eines Baumes bestimmen? Jahresringe
33%
Wie nennt man ein Elefantenbaby? Kalb
33%
Woraus besteht ein Schneckenhaus? Kalk
33%
Woraus besteht ein Diamant? Kohlenstoff
33%
Woher stammt der "Cha-Cha-Cha"? Kuba
33%
Wer ist in den "Herr der Ringe" - Filmen der Sohn des Königs vom Düsterwald? Legolas
33%
Welcher ist der längste Fluss 🇫🇷 Frankreichs? Loire
33%
Welches Gewürz versteckt sich hinter dem Namen "Liebfrauenbettstroh"? Mönchspfeffer
33%
Welcher griech. Held hatte 1 Hund namens "Argos"? Odysseus
33%
Was ist "Restitution" ? Rückerstattung
33%
Was ist die Hauptstadt des US-Bundesstaates New Mexico? Santa Fe
33%
Wanda Maximoff ist bei Marvel welche Heldin /Schurkin? Scarlet Witch
33%
Was für ein Tier ist ein "Jabiru" ? Storchenvogel
33%
Welcher ist der größte Fisch der Welt? Walhai
33%
Wie heißt der Mörder im Roman "Das Parfum" ? Grenouille
29%
Welcher Vogel kann rückwärts fliegen? Kolibri
29%
Welche Bedeutung hatte das Wort "Ritter"? Reiter
29%
Wann kam der 1. E-Book-Reader ungefähr auf den Markt? 1990
25%
Welches Land wird auch als "Al Jaza'ir" bezeichnet? Algerien
25%
Was ist gleichzeitig eine Werbegrafik im Internet & eine Fahne? Banner
25%
Was ist ein "Duvet" ? Bettdecke
25%
Welcher Teil eines Vogels, heißt wie ein Tasteninstrument? Flügel
25%
In welchem Land kann man "Gyoza" - Teigtaschen essen? Japan
25%
Was für ein Tier ist der "Pillendreher"? Käfer
25%
Wie heißt der rote Hautlappen auf dem Kopf von Hühnern? Kamm
25%
Wenn eine Person nervt, dann geht sie einem auf den.....? Keks
25%
Was soll der Jäger, als Beweis für Schneewittchens Tod mitbringen? Lunge | Leber
25%
Wie heißt der Hauptcharakter von "Matrix"? Neo
25%
Von wem stammt das Ballett: "Der Nussknacker"? Peter Tschaikowsky
25%
Aus welcher engl. Region stammen Angus-Rinder? Schottland
25%
Welche Firma brachte den 1. E-Book-Reader auf den Markt? Sony
25%
Wie nennt man einen Schaden im Strumpfgewebe? Masche
22%
Was bedeutet "forciert" ? erzwungen
20%
In welchem Land herrschte Diktator "Muammar al-Gaddafi"? Libyen
20%
Was ist eine "Zimbel" ? Musikinstrument
20%
Welcher Krebs kann Kokosnüsse knacken? Palmendieb
20%
Wie heißt ein Mediziner für Erkrankungen des Enddarms? Proktologe
20%
Wie nennt man mutwillige Beschädigung oder Zerstörung von fremden Eigentum? Vandalismus
20%
Wie werden Riemen genannt, die Reittieren angelegt werden? Zaumzeug
20%
Wann erschien "Schneewittchen & die 7 Zwerge" von Disney? 1937
17%
Wie heißen körpereigene Eiweiße, die Krankheitserreger zerstören? Antikörper
17%
Wofür steht der Buchstabe "G" im Kürzel "GPS"? Global
17%
Was bedeutet der span. Begriff "olé"? Hurra
17%
Woraus besteht zu 95 % die Schale von Eiern ? Kalk
17%
Welches Werkzeug braucht ein Maurer zum Verputzen? Kelle
17%
Welcher ist ein chem. Stoff mit starkem Minzgeschmack? Menthol
17%
Wer flog als 1. Deutscher 1978 ins Weltall? Sigmund Jähn
17%
Was wurde zu Frida Kahlo's Markenzeichen? Augenbrauen
14%
Wie heißt die Fettschicht von Walen & Robben? Blubber
14%
Welches Werkzeug erfand der Schweizer Johann Maritz 1710? Bohrmaschine
14%
Welches Insekt ist eine "Cimex lectularius"? Bettwanze
13%
Wer ist das größte Raubsäugetier der Erde? Eisbär
13%
Welcher Komponist schuf "Guten Abend, gut’ Nacht"? Johannes Brahms
13%
Wann wurde der Rollstuhl erfunden? 1655
0%
Wie schwer ist die Kugel beim Kugelstoßen der Männer? 7,26 kg
0%
Wer erfand "Miss Marple"? Agatha Christie
0%
Welches Wort bezeichnet pflanzl. Stärke? Amylum
0%
Was ist "Muffensausen" ? Angst
0%
Wie heißt Vitamin C noch? Ascorbinsäure
0%
Welcher Schmetterling ist der größte der Welt? Atlasspinner
0%
Wie heißt eine berühmte Weihnachtsgans? Auguste
0%
Wer schuf die Freiheitsstatue? Auguste Bartholdi
0%
Wie lautet "Barbies" vollständiger Name? Barbara Millicent Roberts
0%
Wie heißt der vordere Teil eines Schlüssels? Bart
0%
Welche Herzkrankheit wird als "stiller Killer" bezeichnet? Bluthochdruck
0%
Welches Bett hat mehrere übereinander liegende Matratzen? Boxspringbett
0%
Welches Instrument nannte man auch "Armgeige"? Bratsche
0%
Wie nannte man seltene oder illegale Produkte in der DDR? Bückware
0%
Welche dt. Burg hat den höchsten Bergfried? Burg Niederroßla
0%
Wie heißt der ältere Gegenspieler in Disney's "Oben"? Charles Muntz
0%
Welcher Schauspieler & Westernheld hat eine Pferdeallergie? Clint Eastwood
0%
Wie heißt die Hauptstadt der 🇹🇨 Turks- & Caicosinseln? Cockburn Town
0%
Wie nennt man eine Bildergeschichte? Comic
0%
Wie wird eine Gewitterwolke fachmännisch genannt? Cumulonimbus
0%
Wie heißt der Android in "Raumschiff Enterprise - Das nächste Jahrhundert"? Data
0%
Wie nannten sich Tokio Hotel früher? Devilish
0%
Woher stammt der Tanz "Slowfox"? England
0%
Wie wurde Epilepsie früher genannt? Fallsucht
0%
Wie werden die Füße von Greifvögeln genannt? Fänge
0%
Woher stammt das Zitat: "Hier bin ich Mensch, hier darf ich's sein!"? Faust
0%
Was für ein Tier ist ein "Aquilolamna" ? Fisch
0%
Wer ist der Bösewicht in "Die Schöne und das Biest"? Gaston
0%
Wie lautet die Abkürzung für die "Gesellschaft für musikal. Aufführungs- & mechan. Vervielfältigungsrechte? GEMA
0%
Wie heißt die Wissenschaft von Edelsteinen? Gemmologie
0%
Wo wurde 1979 die 1. Weltklimakonferenz eröffnet? Genf
0%
Was ist ein "Shimmy" ? Gesellschaftstanz
0%
Was sind "Spezereien" ? Gewürze
0%
Wie wird die Angst vor Nacktheit bezeichnet? Gymnophobie
0%
Was ist ein "Tugendpfeil" ? Haarnadel
0%
Wo wurde Angela Merkel geboren? Hamburg
0%
Wofür steht die Abkürzung "CPU" ? Hauptprozessor
0%
Wie heißt "Faust" eigentlich mit Vornamen? Heinrich
0%
Wer ist der Erfinder des Leibniz-Butterkekses? Hermann Bahlsen
0%
Welche ist die größte Insel im bayr. Chiemsee? Herreninsel
0%
Was verhindert, dass Blut in die falsche Richtung fließt? Herzklappen
0%
Wie heißt der größte Käfer in 🇩🇪 ? Hirschkäfer
0%
Wie heißt ein Gericht aus 1 warmen Brühwurst in 1 Weizenbrötchen ? Hot Dog
0%
Welchen Namen trägt eine Piratenflagge noch? Jolly Roger
0%
Auf welchem Planeten kann man auch Polarlichter beobachtet? Jupiter
0%
Von welcher dt. Band stammt: "Als ich fortging"? Karussell
0%
Was überträgt die Tretkraft auf das Hinterrad eines Fahrrads? Kette
0%
Wie wird der frei schwingende Teil einer Glocke genannt? Klöppel
0%
Was versteckt sich hinter dem chem. Zeichen "HHO"? Knallgas
0%
Wo saß Adolf Hitler bis Ende 1924 in Haft? Landsberg
0%
Wer war der 1. Preisträger des Titels: "FIFA-Weltfußballer des Jahres"? Lothar Matthäus
0%
Wie heißt der Bösewicht in "Toy Story 3"? Lotso
0%
Wie heißt der Kater in "Cinderella"? Luzifer
0%
Von wem wird Dornröschen zu lm 100 jährigen Schlaf verzaubert? Malefiz
0%
Welcher US-Schauspielerin, der später den Oscar verweigerte, wurde am 3. April 1924 geboren? Marlon Brando
0%
Wer sagte: "Warum rülpset und furzet ihr nicht? Hat es euch nicht geschmacket?" Martin Luther
0%
Bei welcher Wissenschaft taucht der Begriff "Matisse" auf? Mathematik
0%
Wie heißt der Wal in "Pinocchio"? Monstro
0%
Welches Säugetier kann keine Schmerzsignale an sein Gehirn weiterleiten? Nacktmull
0%
Von welchem Land ist "Abuja" die Hauptstadt? Nigeria
0%
Wie heißt die Technik, bei der man Fische mit Händen fängt? Noodling
0%
Wie wurden die Wikinger noch genannt? Normannen
0%
Wie viele Kalorien hat 1 Glas Wasser? O
0%
Welcher Delfin ist der größte der Welt? Orca
0%
Wie nennt man die Angst vor Eiern? Ovophobie
0%
Wie heißen die Eltern von Achilles? Peleus | Thetis
0%
Wie nennt sich ein Gerät zum Erzeugen eines schrillen Tons? Pfeife
0%
Wie wird die Probezeit nach Eintritt in einen Orden genannt? Postulat
0%
Wie heißt eine Zahl mit 27 Nullen? Quadrilliarde
0%
Welche Berufsgruppe verdient mit ca. 2.493 € brutto pro Monat am wenigsten? Reinigungskräfte
0%
Wer malte das Gemälde "Die Nachtwache"? Rembrandt van Rijn
0%
Wie heißt die Eule von Aschenbrödel? Rosalie
0%
Wie heißt die Hauptstadt von 🇦🇬 Antigua & Barbuda? Saint John's
0%
Welcher Italiener malte "Die Geburt der Venus"? Sandro Botticelli
0%
Durch wessen Schuld stirbt Mufasa in "Der König der Löwen"? Scar
0%
Wie nennt man eine Gleichgewichtsstörung der äußeren Augenmuskeln? Schielen
0%
Gegen was ist ein Opossum immun? Schlangengift
0%
Wie heißt in Bayern ein Bonbon am Stiel? Schlecker
0%
Zu welcher Tierart gehört die "Wendeltreppe"? Schnecken
0%
Wie heißt der Hunnen-Anführer in "Mulan"? Shan Yu
0%
Welche Pferderasse ist die größte der Welt ? Shire Horses
0%
Welcher Küchenchef ist der Widersacher in "Ratatouille"? Skinner
0%
Was fällt durch 1 Fensterscheibe, ohne das diese zerstört wird? Sonnenschein / Licht
0%
Wer ist der Regisseur von "Jäger des verlorenen Schatzes" (1981) ? Steven Spielberg
0%
Auf welchem Kontinent lebt der Mähnenwolf? Südamerika
0%
Welche ist die einzige, in 🇩🇪 heimische Schildkrötenart? Sumpfschildkröte
0%
Was nannte man früher "Abtritt"? Toilette
0%
Woher stammt der Tanz "Calypso"? Trinidad & Tobago
0%
Was bedeutet "inakkurat" ? unsorgfältig
0%
Wer galt als "größter HSVer aller Zeiten" ? Uwe Seeler
0%
Was ist ein "Klepper" ? wasserdichter Mantel
0%
Was sind "Roger" ? weibliche Fische
0%
Welcher ist der längste Fluss, der durch Polen fließt? Weichsel
0%
Was ist ein "Rammbär" ? Werkzeug
0%
Wie nennt man eine "Pferdeoper" noch? Western
0%
Welchen Namen trägt eine ansteckende Entzündung der Ohrspeicheldrüse? Ziegenpeter
0%
Wie bezeichnen Förster das obere, dünnere Ende 1 Baumstammes? Zopf
0%
Was erfand 1897 ein Zahnarzt? Zuckerwatte
0%
Keine übereinstimmenden Quizze gefunden
Verteilung der Resultate
Anzahl Personen mit jedem Resultat
Perzentil nach korrekt beantworteten Fragen
Ihre Resultats-Entwicklung
Sie haben dieses Quiz noch nicht gespielt